Welcome to the Holygrace Academy Library

Please use search bar below to get started

GOING GREEN (Record no. 6358)

MARC details
000 -LEADER
fixed length control field 00264nam a22001217a 4500
082 ## - DEWEY DECIMAL CLASSIFICATION NUMBER
Classification number 001
Item number JYR/G
100 ## - MAIN ENTRY--AUTHOR NAME
Personal name JYRWA, STEFFENIE ALISON
245 ## - TITLE STATEMENT
Title GOING GREEN
260 ## - PUBLICATION, DISTRIBUTION, ETC. (IMPRINT)
Place of publication MUMBAI
Name of publisher POPULAR PRAKASHAN PVT. LTD
300 ## - PHYSICAL DESCRIPTION
Number of Pages 48
650 ## - SUBJECT ADDED ENTRY--TOPICAL TERM
Topical Term GK
Geographic subdivision MUMBAI
942 ## - ADDED ENTRY ELEMENTS (KOHA)
Koha item type Books
Holdings
Withdrawn status Lost status Collection code Home library Current library Shelving location Date acquired Source of acquisition Cost, normal purchase price Full call number Accession Number Koha item type
    Fiction Main Library Main Library SHELF-17E-SCIENCE RELATED BOOKS 31/01/2019 PURCHASE 60.00 001 JYR/G 10936 Books